| 000 | 01315nam a22002657a 4500 | ||
|---|---|---|---|
| 005 | 20170124103101.0 | ||
| 010 | _aB-037212 | ||
| 020 |
_c180.00 _a8126305363 |
||
| 035 | _aB-037212 | ||
| 037 | _bCen Lib/Ret | ||
| 040 |
_aDPL _bHN |
||
| 082 |
_a920 _bजैनज्यो |
||
| 100 |
_aजैन, ज्योतिप्रसाद _942506 |
||
| 245 |
_aप्रमुख ऐतिहासिक जैन पुरुष और महिलाएँ / _cज्योतिप्रसाद जैन |
||
| 246 |
_aPramukh aetihasik jain purush aur mahilaen / _bby Jyotiprasad Jain |
||
| 250 | _aदूसरा संस्करण | ||
| 260 |
_aनयी दिल्ली _bभारतीय ज्ञानपीठ _c2000 |
||
| 270 |
_bनयी दिल्ली _a18, इंस्टीट्यूशनल एरिया, लोदी रोड _e110003 |
||
| 300 |
_a399पृ. _c21सेमी(सजिल्द) |
||
| 650 |
_aहिन्दी -- साहित्य _976743 |
||
| 650 |
_aहिन्दी -- जीवनियाँ - जैन पुरुष और महिलाएँ _976744 |
||
| 650 |
_aHindi literature _976745 |
||
| 650 |
_aHindi - Biographies - Jain Men and Women _976746 |
||
| 942 |
_2ddc _cHN _h920 _mजैनज्यो |
||
| 999 |
_c117775 _d117775 |
||